| 000 | 02208nam0a22003731 4500 | ||
|---|---|---|---|
| 001 | RU\NLR\Evr\4406 | ||
| 005 | 20251202160538.0 | ||
| 035 | _a(NLR Aleph) 011420787 | ||
| 090 |
_a13414730 _c13414730 |
||
| 100 | _a20110731d1941 u y0rusy50 ca | ||
| 101 | 0 | _ayid | |
| 102 | _aLV | ||
| 105 | _ay ||||||||| | ||
| 200 | 1 |
_6a01 _7ba _aViazoy di sotsial-demokratie farshteyt di natsional-frage? _eGedrukt in 1904 yor in gruzinish in der tsaytung "Proletariatis brdzola" ("Bor'ba proletariata") _fI. Stalin |
|
| 210 |
_6a01 _aRige _cPartay-farlag _d1941 _7ba |
||
| 210 |
_6a01 _9z02 _aריגע _cפּארטיי-פארלאג _d1941 |
||
| 210 |
_9z02 _aРига _cПартийное издательство _d1941 _7ca |
||
| 215 |
_a40 с. _d14 см. |
||
| 300 | _aНа книге имеются пометы и штампы, позволяющие предположить, что она находилась в Отделе специального хранения ГПБ | ||
| 510 | 1 |
_6a01 _aוויאזוי די סאָציאל-דעמאָקראטיע פארשטייט די נאציאָנאלע פראגע _eגעדרוקט אינ 1904 יאָר אינ גרוזיניש אינ דער צייטונג פּראָלעטאריאטיס ברדזאָלא/דער קאמפ פונעמ פּראָלעטאריאט _fי. סטאלנ |
|
| 541 | 1 |
_aКак социал-демократия понимает национальный вопрос? _eНапечатано в 1904 г. на грузинском в газете "Пролетариатис брдзола" ("Борьба пролетариата") _zrus |
|
| 700 | 1 |
_6a01 _aСталин _bИ.В. _f1879-1953 _gИосиф Виссарионович _3RU\NLR\AUTH\7949564 _4070 _7ca |
|
| 790 | 1 |
_6a01 _aStalin _bI.V. _f1879-1953 _gIosif Vissarionovitsh _4070 _7ba |
|
| 790 | 1 |
_6a01 _aסטאלין _b.י.וו _f1879-1953 _gיוסף וויסאריאָנאָוויטש _4070 |
|
| 801 | 0 |
_aRU _bNLR _c20110731 _gpsbo |
|
| 801 | 0 |
_aRU _bNLR _gPSBO |
|
| 801 | 1 |
_aRU _bNLR _c20110731 _2rusmarc |
|
| 852 |
_aNLR _bОЛСАА/идиш _j1-14 |
||
| 942 | _cBOOK | ||
| 945 | _aРоссийская национальная библиотека | ||
| 980 | _aNB | ||
| 980 | _aBV | ||
| 980 | 1 | _aIDISH | |